The dark game / (Record no. 2586)

MARC details
000 -LEADER
fixed length control field 01103nam a22002177a 4500
005 - DATE AND TIME OF LATEST TRANSACTION
control field 20240103130516.0
020 ## - INTERNATIONAL STANDARD BOOK NUMBER
International Standard Book Number 9780545663151
040 ## - CATALOGING SOURCE
Original cataloging agency FISKH
Language of cataloging eng
Transcribing agency FISKH
Modifying agency FISKH
050 ## - LIBRARY OF CONGRESS CALL NUMBER
Classification number UB271.U5
082 ## - DEWEY DECIMAL CLASSIFICATION NUMBER
Classification number 327.73
100 ## - MAIN ENTRY--PERSONAL NAME
Personal name Janeczko, Paul B.
245 ## - TITLE STATEMENT
Title The dark game /
Statement of responsibility, etc. True spy stories from invisible ink to CIA moles ; Paul B. Janeczko
260 ## - PUBLICATION, DISTRIBUTION, ETC.
Place of publication, distribution, etc. New York :
Name of publisher, distributor, etc. Scholastic,
Date of publication, distribution, etc. 2010
300 ## - PHYSICAL DESCRIPTION
Extent 244 pages :
Dimensions 21 cm
505 ## - FORMATTED CONTENTS NOTE
Formatted contents note Z
520 ## - SUMMARY, ETC.
Summary, etc. Finalist for the YALSA Award for Excellence in Nonfiction for Young Adults! From clothesline codes to surveillance satellites and cyber espionage, Paul B. Janeczko uncovers two centuries' worth of true spy stories in U.S. history. (Ages 12 and up)Ever since George Washington used them to help topple the British, spies and their networks have helped and hurt America at key moments in history. In this fascinating collection, Paul B. Janeczko probes such stories as that of Elizabeth Van Lew, an aristocrat whose hatred of slavery drove her to...
521 ## - TARGET AUDIENCE NOTE
Target audience note 1200
Source Lexile
521 ## - TARGET AUDIENCE NOTE
Target audience note Z
Source Raz-Plus
942 ## - ADDED ENTRY ELEMENTS (KOHA)
Source of classification or shelving scheme Dewey Decimal Classification
Koha item type Books
Suppress in OPAC No
999 ## -
-- 2586
-- 2586
Holdings
Withdrawn status Lost status Source of classification or shelving scheme Damaged status Not for loan Collection Home library Current library Shelving location Date acquired Total Checkouts Full call number Barcode Date last seen Price effective from Koha item type
    Dewey Decimal Classification     Non-Fiction Footprints International School Library Network Toul Kork Campus Footprints International School Library Network Toul Kork Campus TTP Secondary Non-Fiction Bookshelves 01/03/2024   JAN 327.73 UB271.U5 FISSE01180 01/03/2024 01/03/2024 Books